| 000 | 00660nam a2200181 a 4500 | ||
|---|---|---|---|
| 001 | 000017582 | ||
| 005 | 20240322203027.0 | ||
| 008 | 100329s1979 dr 000 0 spa d | ||
| 040 |
_aDO-SdBNP _bspa _cBNPHU |
||
| 082 |
_axxx _bR426i |
||
| 110 | 1 |
_aRepública Dominicana _bSecretaría de Estado de Agricultura _917769 |
|
| 245 | 1 | 0 |
_aÍndice de tesis agrícolas de la República Dominicana 1968-1978 / _cpresentación Hipólito Mejía. |
| 260 |
_aSanto Domingo : _bSecretaría de Estado de Agricultura, _c1979. |
||
| 300 |
_a76 p. ; _c22 cm. |
||
| 500 | _aIncluye índice de nombres y de materias | ||
| 700 | 1 |
_aMejía, Hipólito, _d1941- _978920 |
|
| 049 | _aBNPD | ||
| 999 |
_c17107 _d17107 |
||